Botánica
Bewaard in:
| Hoofdauteur: | |
|---|---|
| Andere auteurs: | |
| Formaat: | Boek |
| Taal: | Spaans |
| Gepubliceerd in: |
Ciudad de México
McGraw-Hill
1994
|
| Onderwerpen: | |
| Tags: |
Voeg label toe
Geen labels, Wees de eerste die dit record labelt!
|
MARC
| LEADER | 00000nam a2200000 a 4500 | ||
|---|---|---|---|
| 001 | UCT5071 | ||
| 003 | CL-VaPUC | ||
| 005 | 20240909093036.0 | ||
| 008 | 961129e19940000MX |||||||||||||||||spa|d | ||
| 999 | |c 254092 |d 254090 | ||
| 040 | |c Pontificia Universidad Católica de Valparaíso | ||
| 082 | 0 | 4 | |a 581 JEN 1994 |2 21 |
| 100 | |a Jensen, William A |e author |9 374334 | ||
| 245 | 1 | 0 | |a Botánica |
| 260 | |a Ciudad de México |b McGraw-Hill |c 1994 | ||
| 300 | |a 762 páginas | ||
| 583 | |a last modification |c 19961129 00:00:00 |k Rodrigo Vera | ||
| 650 | 0 | |a Botánica |9 264202 | |
| 650 | 0 | |a Citología |9 261432 | |
| 650 | 0 | |a Reproducción vegetal |9 360269 | |
| 650 | 0 | |a Genética vegetal |9 264341 | |
| 650 | 0 | |a Anatomía vegetal |9 269541 | |
| 650 | 0 | |a Fisiología vegetal |9 260158 | |
| 650 | 0 | |a Ecología vegetal |9 264247 | |
| 700 | 0 | |a Salisbury, Frank B |9 374335 | |
| 942 | |c BK |2 ddc | ||
| 945 | |d 19961129 00:00:00 |a rleighto | ||